Dyeing reagents for Thin Layer - and Paper Chromatography
Αποθηκεύτηκε σε:
| Μορφή: | Βιβλίο |
|---|---|
| Γλώσσα: | English |
| Δημοσίευση: |
Darmstadt :
E. Merck AG,
[19--]
|
| Θέματα: | |
| Ετικέτες: |
Προσθήκη ετικέτας
Δεν υπάρχουν, Καταχωρήστε ετικέτα πρώτοι!
|
MARC
| LEADER | 00000cam a2200000 i 4500 | ||
|---|---|---|---|
| 001 | 1/8626 | ||
| 008 | 000704q eng d | ||
| 035 | |l 10062747 | ||
| 040 | |a GR-MY-UA |b gre |e aacr | ||
| 041 | 0 | |a eng | |
| 082 | 0 | |a 543.08956 | |
| 245 | 1 | 0 | |a Dyeing reagents for Thin Layer - and Paper Chromatography |
| 260 | |a Darmstadt : |b E. Merck AG, |c [19--] | ||
| 300 | |a 67 p. | ||
| 650 | 0 | 0 | |a Paper chromatography. |
| 650 | 0 | 0 | |a Thin layer chromatography. |
| 852 | |a INST |b LESVOS |e 20000704 |h 543.08956 DYE |p 005100023533 |q 005100023533 |t BK |y 0 | ||
| 901 | |a BIBL1-2000-2 | ||
| 909 | |a Λ |b 072967 | ||
| 970 | |z 2000/06/ΓΕΩΡΓΙΑ | ||